000 00482nam a2200169Ia 4500
008 230917s9999||||xx |||||||||||||| ||und||
020 _cUSD15
040 _e241711
_aMAIN
041 _aEnglish
082 _a153.74 C343I
100 _aChabris, Christopher
245 0 _aInvisible Gorilla: How our institutions deceive us
260 _aNew York
_bBroadway Paperbacks
_c2010
300 _axiii, 306 p.
500 _a2820 18/08/2017 HBD17/7040 21/08/2017 Main Budget
942 _cBK
999 _c23581
_d23581